Football as an integral part of English culture. FC Liverpool phenomenon bakalárska práca

Salvato in:
Dettagli Bibliografici
Autore principale: Tokár, Oliver
Ente Autore: Fakulta aplikovaných jazykov EU v Bratislave. Katedra jazykovedy a translatológie
Altri autori: Štefčík, Jozef, 1976-
Natura: Libro
Lingua:inglese
Pubblicazione: Bratislava 2018
Tags: Aggiungi Tag
Nessun Tag, puoi essere il primo ad aggiungerne!!

MARC

LEADER 00000nbm a2200000 4500
001 0244007
005 20181011092942.7
041 0 |a eng 
044 |a SK 
245 1 0 |a Football as an integral part of English culture. FC Liverpool phenomenon  |b bakalárska práca  |c Oliver Tokár ; školiteľ: Jozef Štefčík 
264 1 |a Bratislava  |c 2018 
300 |a 54 s. 
100 1 |a Tokár, Oliver 
700 1 |a Štefčík, Jozef, 1976- 
710 2 |a Fakulta aplikovaných jazykov EU v Bratislave. Katedra jazykovedy a translatológie